Modern treatment strategies for marine pollution / (Record no. 27283)

000 -LEADER
fixed length control field 02560cam a2200301 i 4500
006 - FIXED-LENGTH DATA ELEMENTS--ADDITIONAL MATERIAL CHARACTERISTICS--GENERAL INFORMATION
fixed length control field m o d
007 - PHYSICAL DESCRIPTION FIXED FIELD--GENERAL INFORMATION
fixed length control field cr |n|||||||||
008 - FIXED-LENGTH DATA ELEMENTS--GENERAL INFORMATION
fixed length control field 201028t20212021ne a ob 001 0 eng d
020 ## - INTERNATIONAL STANDARD BOOK NUMBER
International Standard Book Number 9780128222805
Qualifying information (R) (electronic bk.)
International Standard Book Number 0128222808
Qualifying information (R) (electronic bk.)
040 ## - CATALOGING SOURCE
Original cataloging agency YDX
Language of cataloging eng
Description conventions rda
-- pn
082 04 - DEWEY DECIMAL CLASSIFICATION NUMBER
Classification number 577.727
Edition number 23
100 1# - MAIN ENTRY--PERSONAL NAME
Personal name Kumar, P. Senthil,
245 10 - TITLE STATEMENT
Title Modern treatment strategies for marine pollution /
260 ## - PUBLICATION, DISTRIBUTION, ETC. (IMPRINT)
Place of publication, distribution, etc Singapore :
Name of publisher, distributor, etc Elsevier,
Date of publication, distribution, etc 2021.
300 ## - PHYSICAL DESCRIPTION
Extent 1 online resource (xix, 191 pages) :
Other physical details illustrations
504 ## - BIBLIOGRAPHY, ETC. NOTE
Bibliography, etc Includes bibliographical references and index.
505 0# - FORMATTED CONTENTS NOTE
Formatted contents note Introduction to marine biology -- Biological and chemical impacts on marine biology -- Detection and monitoring of marine pollution -- Oil spill clean-up -- Ballast water management -- Pesticides clean-up -- Plastic litters removal -- Microplastics and its removal strategies from marine water -- Removal of toxical algal blooms from marine water -- Miscellaneous technologies for removing micropollutants from marine water.
520 ## - SUMMARY, ETC.
Summary, etc Modern Treatment Strategies for Marine Pollution provides an overview of assessment tools that identify contaminants in marine water, also discussing the latest technologies for removing these contaminants. Through templated and consistently structured chapters, the author explores the importance of seawater to our marine ecosystems and the devastating effects pollutants are causing. Sections cover the emission of toxic pollutants from industries, wastewater discharge, oil spills from boarding ships, ballast water emission, abnormal growth of algal blooms, and more. Techniques explored include huge diameter pipelines erected for removing floating debris from seawater, which is denoted as a primary idea for cleaning contaminants. The book includes numerous case studies that demonstrate how these tools can be successfully used. It is an essential read for marine ecologists and oceanographers at the graduate level and above, but is also ideal for those looking to incorporate these techniques into their own work.
650 #0 - SUBJECT ADDED ENTRY--TOPICAL TERM
Topical term or geographic name as entry element Marine pollution
General subdivision Prevention.
Topical term or geographic name as entry element Pollution prevention
General subdivision Technological innovations.
Topical term or geographic name as entry element Pollution
General subdivision Pr�evention
-- Innovations.
Topical term or geographic name as entry element Marine pollution
General subdivision Prevention.
Source of heading or term fast
Topical term or geographic name as entry element Pollution prevention
General subdivision Technological innovations.
Source of heading or term fast
776 08 - ADDITIONAL PHYSICAL FORM ENTRY
Display text Print version:
International Standard Book Number 0128222794
-- 9780128222799
Record control number (OCoLC)1152067116
856 40 - ELECTRONIC LOCATION AND ACCESS
Uniform Resource Identifier <a href="https://www.sciencedirect.com/science/book/9780128222799">https://www.sciencedirect.com/science/book/9780128222799</a>
942 ## - ADDED ENTRY ELEMENTS (KOHA)
Item type E-Book

No items available.

Designed and Maintained by IMU-KC Library, Kolkata Campus © Copyright All Rights Reserved

webs counters

Powered by Koha